A felicidade das borboletas / (Record no. 386)

MARC details
000 -LÍDER
campo de controle de tamanho fixo 00948nam a2200277 4500
001 - NÚMERO DE CONTROLE
campo de controle 386
003 - IDENTIFICADOR DO NÚMERO DE CONTROLE
campo de controle OSt
005 - DATA E HORÁRIO DA ÚLTIMA TRANSAÇÃO
campo de controle 20250408103924.0
008 - CAMPO DE DADOS FIXOS--INFORMAÇÃO GERAL
campo de controle de tamanho fixo 250408b |||||||b |||| 00| 1 eng d
020 ## - ISBN - INTERNATIONAL STANDARD BOOK NUMBER
ISBN - International Standard Book Number 9788506035207
040 ## - FONTE DA CATALOGAÇÃO
Idioma da catalogação por
041 ## - CÓDIGO DE IDIOMA
Código do idioma do original e/ou traduções intermediárias do texto por
082 ## - CDD - CLASSIFICAÇÃO DECIMAL DE DEWEY
Número de Classificação I 028.5
Número do exemplar S444f
100 1# - ENTRADA PRINCIPAL--NOME PESSOAL
Nome pessoal Secco, Patrícia Engel
Datas associadas ao nome 1982-
245 ## - TÍTULO
Título A felicidade das borboletas /
Indicação de responsabilidade, etc. Secco, Patrícia Engel ; Ilustração de Daniel Kondo
260 ## - PUBLICAÇÃO, DISTRIBUIÇÃO, ETC.
Local de publicação, distribuição, etc. São Paulo
Nome do editor, distribuidor, etc. Melhoramento
Data da publicação, distribuição, etc. 2014
300 ## - DESCRIÇÃO FÍSICA
Extensão 15 p.
Outros detalhes físicos il.
520 ## - NOTA DE RESUMO, ETC.
Resumo, etc. Marcela tem nove anos e vai se apresentar, pela primeira vez, com a turma do balé. Ela é uma garota especial, pois é cega, mas mostra que para enxergar o mundo basta olhar as coisas com o coração.<br/>
650 #0 - ASSUNTO--TERMO TÓPICO
Cabeçalho tópico ou nome geográfico Literatura Brasileira
9 (RLIN) 205
650 #0 - ASSUNTO--TERMO TÓPICO
Cabeçalho tópico ou nome geográfico Infantil
9 (RLIN) 535
650 #0 - ASSUNTO--TERMO TÓPICO
Cabeçalho tópico ou nome geográfico Futebol
9 (RLIN) 566
650 #0 - ASSUNTO--TERMO TÓPICO
Cabeçalho tópico ou nome geográfico Diversidade
9 (RLIN) 567
655 #0 - TERMO DE ÍNDICE--GÊNERO E FORMA
Gênero/forma/ou termo foco Livro Infantil
700 1# - ENTRADA ADICIONADA - NOME PESSOAL
Nome pessoal Kondo, Daniel,
Datas associadas ao nome 1971-
9 (RLIN) 807
942 ## - ELEMENTOS DE ENTRADA ADICIONADOS (KOHA)
Fonte de classificação ou esquema de arquivamento Classificação decimal de Dewey
Ocultar no OPAC Não
Tipo de material Koha Livros
Holdings
Situação do descarte Situação das perdas Fonte de classificação ou esquema de arquivamento Status danificado Não pode ser emprestado Coleção Biblioteca de origem Biblioteca atual Localização na estante Data de aquisição Fonte de aquisição Total de empréstimos Número de chamada completo Código de barras Data de último acesso Número do exemplar Data do preço efetivo Tipo de material Koha
    Classificação decimal de Dewey     Livros Infantis Biblioteca Professor Eduardo Afonso de Castro Biblioteca Professor Eduardo Afonso de Castro Infantil 08.04.2025 doação   I 028.5 / S444f 2025-17320 08.04.2025 Ex. 01 08.04.2025 Livros
    Classificação decimal de Dewey     Livros Infantis Biblioteca Professor Eduardo Afonso de Castro Biblioteca Professor Eduardo Afonso de Castro Infantil 08.04.2025 doação   I 028.5 / S444f 2025-17323 08.04.2025 Ex. 02 08.04.2025 Livros

Powered by Koha